书目信息 |
| 题名: |
组织社会学
|
|
| 作者: | 拉法耶 著 ;安延 译 | |
| 分册: | ||
| 出版信息: | 北京 社会科学文献出版社 2000 |
|
| 页数: | 111页 | |
| 开本: | 20cm | |
| 丛书名: | 现代社会学文库 | |
| 单 册: | ||
| 中图分类: | C51 | |
| 科图分类: | ||
| 主题词: | 社会科学--丛书 , 社会科学--多卷书 | |
| 电子资源: | ||
| ISBN: | 7-80149-208-0 | |
| 000 | 00706nam0 2200241 45 | |
| 001 | 0207020803 | |
| 005 | 20031219104056.9 | |
| 010 | @a7-80149-208-0@dCNY8.00 | |
| 100 | @a20020702d2000 km y0chiy0120 ea | |
| 101 | 0 | @achi@cfre |
| 105 | @a z 000yy | |
| 200 | 1 | @a组织社会学@AZu Zhi She Hui Xue@f(法)克罗戴特·拉法耶著@F(Fa)Ke Luo Dai Te·La Fa Ye Zhu@g安延译 |
| 210 | @a北京@c社会科学文献出版社@d2000 | |
| 215 | @a111页@d20cm | |
| 225 | @a现代社会学文库 | |
| 410 | @12001 @a现代社会学文库 | |
| 606 | 0 | @a社会科学@x丛书 |
| 606 | 0 | @a社会科学@x多卷书 |
| 690 | @aC51@v4 | |
| 701 | 0 | @a拉法耶@4著 |
| 702 | 0 | @a安延@AAn Yan@4译 |
| 801 | @aCN@bTSTC@c20020702 | |
| 905 | @b313334-338@dC51@e114:10@f5 | |
| 组织社会学/(法)克罗戴特·拉法耶著/安延译.-北京:社会科学文献出版社,2000 |
| 111页;20cm.-(现代社会学文库) |
| ISBN 7-80149-208-0:CNY8.00 |
| ● |
| 相关链接 |
|
|
|
|
正题名:组织社会学
索取号:C51/114:10
 
预约/预借
| 序号 | 登录号 | 条形码 | 馆藏地/架位号 | 状态 | 备注 |
| 1 | 0313334 | 203133340 | 第一借阅区/ [索取号:C51/114:10] | 在馆 | |
| 2 | 0313335 | 203133359 | 教育系资料室/ [索取号:C51/114:10] | 在馆 | |
| 3 | 0313336 | 203133368 | 第一借阅区/ [索取号:C51/114:10] | 在馆 | |
| 4 | 0313337 | 203133377 | 教育系资料室/ [索取号:C51/114:10] | 在馆 | |
| 5 | 0313338 | 203133386 | 第一样本阅览室/ [索取号:C51/114:10] | 在馆 |